000
00298nam a2200121 a 4500
008
110513s1973|||| d
245
1
0
_a
Francúzština pre 7.ročník ZŠ
260
_b
SPN
_a
Bratislava
_c
1973
020
_c
8,50
044
_a
xo
_c
SK
041
_a
slo
100
1
_a
Liščáková, Irena
999
_c
19627
_d
19627